00660nam a2200169 a 450000500170000000800410001702000160005805000230007424500730009726000370017030000070020744000370021452000850025165000110033699900190034795201240036620140412111410.0070214s19uu xx 00 eng d a078685873-7 aTR(PS EbFa21 2000 aFamily storybook library, bk. 8:bThe heart is the strongest muscle. aNew york :bDisney press,c2000. a19 aDisneys family storybook library aStories about courage and responsibility, title includes the Mulan and robinhood aFables c105641d105641 00104050aELbELcTRd2007-02-14eLib. Fundg83.00l0oTR(PS E Fa21 2000pE10481r2014-04-12 00:00:00w2014-04-12yBK